Teória a didaktika atletiky

Bibliographic Details
Main Authors: Čilík, Ivan (Author), Pupiš, Martin, 1978- (Author), Rošková, Miroslava, 1966- (Author), Rozim, Robert, 1964- (Author), Krška, Peter, 1973- (Author), Švachová, Simona (Author)
Format: Book
Language:Slovak
PhysicalDescription:251 s. fotogr., ilustr., tab. 21 cm
Published: Banská Bystrica DALI BB 2014
ISBN:9788081410789
Edition:2. dopl. a rozš. vyd.
Subjects:

MARC

LEADER 00000nam a2200000 a 4500
001 vtls010645474
003 SK-MaSNL
005 20260302013524.0
008 240314s2014 xo oa e n 001 0 slo
015 |a SNBA2015/01 
020 |a 9788081410789  |q (brož.) 
035 |a 934D1B59-5E9C-4262-A7CF-F98497DF6359 
035 |a urn:nbn:sk:snk-amjpnz 
035 |a urn:nbn:sk:snk-am001o0i 
040 |a SNK  |b slo  |c SNK  |e AACR2 
041 0 |a slo 
044 |a xo  |c SK 
072 7 |a 796  |x Šport. Hry. Telesné cvičenia  |2 konspekt 
072 7 |a 37  |x Výchova a vzdelávanie  |2 konspekt 
080 |a 796.42/.43  |2 2001 
080 |a 37.02  |2 2001 
080 |a (075.8)  |2 2001 
100 1 |a Čilík, Ivan  |4 aut  |9 503836 
245 1 0 |a Teória a didaktika atletiky  |c Ivan Čilík a kolektív 
250 |a 2. dopl. a rozš. vyd. 
260 |a Banská Bystrica  |b DALI BB  |c 2014 
300 |a 251 s.  |b fotogr., ilustr., tab.  |c 21 cm 
366 |e 400 výt. 
500 |a Vydavateľstvo uvedené podľa ISBN 
500 |a Nad názvom: Slovenský atletický zväz a UMB v Banskej Bystrici, Filozofická fakulta 
504 |a Bibliogr.: s. 224-229 ; reg. 
650 0 7 |a atletika  |2 SNKPH  |9 3279 
650 0 7 |a didaktika  |2 SNKPH  |9 3484 
650 0 7 |a Athletics  |2 SNKPHeng  |9 344682 
650 0 7 |a Teaching  |2 SNKPHeng  |9 267199 
655 7 |a učebnice vysokých škôl  |2 SNKPH  |9 70191 
655 7 |a Textbooks (higher)  |2 SNKPHeng  |9 276436 
700 1 |a Pupiš, Martin,  |d 1978-  |4 aut  |9 258422 
700 1 |a Rošková, Miroslava,  |d 1966-  |4 aut  |9 258448 
700 1 |a Rozim, Robert,  |d 1964-  |4 aut  |9 252008 
700 1 |a Krška, Peter,  |d 1973-  |4 aut  |9 117805 
700 1 |a Švachová, Simona  |4 aut  |9 344681 
919 |a 978-80-8141-078-9 
958 |a NB 
999 |c 1013313  |d 1015243 
952 |a SNK  |b SNK  |y PREZ  |7 0  |p 17A1134293  |o snkSC 162381  |i snk2015/207  |8 0  |0 0  |1 0  |4 0  |d 2015-01-08  |f 1  |l 0  |r 2025-08-26 00:00:00  |w 2026-02-24 
952 |a SNK  |b SNK  |y VYP  |7 0  |p 17A1134292  |o snkSC 162381 D1  |i snk2015/208  |8 0  |0 0  |1 0  |4 0  |d 2015-01-08  |l 0  |r 2026-02-24 12:59:46  |w 2026-02-24